000 00582nam a2200181 i 4500
001 137590
003 ES-MaACL
005 20250811063145.0
007 t|
008 070214s1944 ag r ||||1| spa d
100 1 _aSalazar, Adolfo,
_d1890-1958
_9101798
245 1 3 _aLa música moderna
_b: las corrientes directrices en el arte musical contemporáneo /
_cAdolfo Salazar.
260 _aBuenos Aires :
_bLosada,
_c1944.
300 _a513 p., 19 lám. ;
_c24 cm.
650 0 4 _aMúsica-
_yS.XX.
_915401
852 _aES-MaACL
_jB-10361
_bR.21750
999 _c137590
_d137590